L'imposture politique au Moyen Âge : La seconde vie des rois (notice n° 2184070)

détails MARC
000 -LEADER
fixed length control field 01284cam a2200133 4500500
005 - DATE AND TIME OF LATEST TRANSACTION
control field 20260405052256.0
041 ## - LANGUAGE CODE
Language code of text/sound track or separate title fre
042 ## - AUTHENTICATION CODE
Authentication code dc
100 10 - MAIN ENTRY--PERSONAL NAME
Personal name Lecuppre, Gilles
Relator term author
245 00 - TITLE STATEMENT
Title L'imposture politique au Moyen Âge : La seconde vie des rois
260 ## - PUBLICATION, DISTRIBUTION, ETC.
Name of publisher, distributor, etc. Presses Universitaires de France,<br/>
Date of publication, distribution, etc. 2005.<br/>
520 ## - SUMMARY, ETC.
Summary, etc. A la fin du Moyen Âge, l’imposture se révèle un moyen d’opposition presque banalisé. Ainsi, entre autres, de faux pèlerins ou autres mystiques tentent de s’emparer de la couronne royale en se faisant passer pour un roi mort ou disparu. De telles tromperies sont facilitées par certaines particularités de la civilisation médiévale(érémitisme, croisades et guerres éloignées, défaillance de la mémoire humaine) et reposent aussi sur de nombreux partis intrigants et complots exprimant une contestation radicale du souverain légitime qui doit alors relever ce défi redoutable et asseoir son autorité. Ce champ de recheche est inédit dans l’histoire politique et sociale du Moyen Âge et l’auteur associe d’une manière passionnante ces multiples mystifications et leur interprétation historique.
856 41 - ELECTRONIC LOCATION AND ACCESS
Uniform Resource Identifier <a href="https://shs.cairn.info/l-imposture-politique-au-moyen-age--9782130545613?lang=fr&redirect-ssocas=7080">https://shs.cairn.info/l-imposture-politique-au-moyen-age--9782130545613?lang=fr&redirect-ssocas=7080</a>

Pas d'exemplaire disponible.

PLUDOC

PLUDOC est la plateforme unique et centralisée de gestion des bibliothèques physiques et numériques de Guinée administré par le CEDUST. Elle est la plus grande base de données de ressources documentaires pour les Étudiants, Enseignants chercheurs et Chercheurs de Guinée.

Adresse

627 919 101/664 919 101

25 boulevard du commerce
Kaloum, Conakry, Guinée

Réseaux sociaux

Powered by Netsen Group @ 2025